|
|
|
|
| LEADER |
01915nam a2200493 i 4500 |
| 001 |
EBC1895934 |
| 003 |
MiAaPQ |
| 005 |
20200520144314.0 |
| 006 |
m o d | |
| 007 |
cr cnu|||||||| |
| 008 |
150131t20152015si ad ob 001 0 eng|d |
| 020 |
|
|
|z 9781119020561
|
| 020 |
|
|
|a 9781119020578
|q (electronic bk.)
|
| 035 |
|
|
|a (MiAaPQ)EBC1895934
|
| 035 |
|
|
|a (Au-PeEL)EBL1895934
|
| 035 |
|
|
|a (CaPaEBR)ebr11005723
|
| 035 |
|
|
|a (CaONFJC)MIL688528
|
| 035 |
|
|
|a (OCoLC)899211965
|
| 040 |
|
|
|a MiAaPQ
|b eng
|e rda
|e pn
|c MiAaPQ
|d MiAaPQ
|
| 050 |
|
4 |
|a HG187.4
|b .K87 2015
|
| 082 |
0 |
|
|a 332.1091767
|2 23
|
| 100 |
1 |
|
|a Kureshi, Hussain,
|e author.
|
| 245 |
1 |
0 |
|a Contracts and deals in Islamic finance :
|b a user's guide to cash flows, balance sheets, and capital structures /
|c Hussain Kureshi, Mohsin Hayat.
|
| 264 |
|
1 |
|a Singapore :
|b Wiley,
|c [2015]
|
| 264 |
|
4 |
|c 2015
|
| 300 |
|
|
|a 1 online resource (387 pages) :
|b illustrations (chiefly color).
|
| 336 |
|
|
|a text
|2 rdacontent
|
| 337 |
|
|
|a computer
|2 rdamedia
|
| 338 |
|
|
|a online resource
|2 rdacarrier
|
| 490 |
1 |
|
|a Wiley finance series
|
| 504 |
|
|
|a Includes bibliographical references and index.
|
| 588 |
|
|
|a Description based on online resource; title from PDF title page (ebrary, viewed January 31, 2015).
|
| 590 |
|
|
|a Electronic reproduction. Ann Arbor, MI : ProQuest, 2015. Available via World Wide Web. Access may be limited to ProQuest affiliated libraries.
|
| 650 |
|
0 |
|a Finance
|z Islamic countries.
|
| 650 |
|
0 |
|a Banks and banking
|x Religious aspects
|x Islam.
|
| 650 |
|
0 |
|a Finance
|x Religious aspects
|x Islam.
|
| 650 |
|
0 |
|a Contracts.
|
| 650 |
|
0 |
|a Capital investments.
|
| 650 |
|
0 |
|a Cash flow.
|
| 655 |
|
4 |
|a Electronic books.
|
| 700 |
1 |
|
|a Hayat, Mohsin,
|e author.
|
| 797 |
2 |
|
|a ProQuest (Firm)
|
| 830 |
|
0 |
|a Wiley finance series.
|
| 856 |
4 |
0 |
|u https://ebookcentral.proquest.com/lib/matrademy/detail.action?docID=1895934
|z Click to View
|